Into the swamp! : (Record no. 6702)
[ view plain ]
| 000 -LEADER | |
|---|---|
| fixed length control field | 00894nam a22002657a 4500 |
| 001 - CONTROL NUMBER | |
| control field | 6702 |
| 003 - CONTROL NUMBER IDENTIFIER | |
| control field | FISKH |
| 005 - DATE AND TIME OF LATEST TRANSACTION | |
| control field | 20250521115930.0 |
| 008 - FIXED-LENGTH DATA ELEMENTS--GENERAL INFORMATION | |
| fixed length control field | 250521b cb ||||| |||| 00| 0 eng d |
| 020 ## - INTERNATIONAL STANDARD BOOK NUMBER | |
| International Standard Book Number | 9780439844581 |
| 040 ## - CATALOGING SOURCE | |
| Original cataloging agency | FISKH |
| Language of cataloging | eng |
| Transcribing agency | FISKH |
| Modifying agency | FISKH |
| 050 ## - LIBRARY OF CONGRESS CALL NUMBER | |
| Classification number | PZ7 |
| 082 ## - DEWEY DECIMAL CLASSIFICATION NUMBER | |
| Classification number | 813.6 |
| 100 ## - MAIN ENTRY--PERSONAL NAME | |
| Personal name | Ryan, Josh |
| 245 ## - TITLE STATEMENT | |
| Title | Into the swamp! : |
| Remainder of title | Diary of a wilderness adventure / |
| Statement of responsibility, etc. | by Josh Ryan |
| 260 ## - PUBLICATION, DISTRIBUTION, ETC. | |
| Place of publication, distribution, etc. | New York : |
| Name of publisher, distributor, etc. | Scholastic, |
| Date of publication, distribution, etc. | 2006. |
| 300 ## - PHYSICAL DESCRIPTION | |
| Extent | 24 pages : |
| Other physical details | color illustrations ; |
| Dimensions | 19 cm |
| 505 ## - FORMATTED CONTENTS NOTE | |
| Formatted contents note | R<br/> |
| 520 ## - SUMMARY, ETC. | |
| Summary, etc. | If you like adventures in the wild, catching fish for lunch, and listening to spooky stories around a campfire, then this is a tale for you. Read what happens when a bunch of city kids go into swamp. |
| 521 8# - TARGET AUDIENCE NOTE | |
| Target audience note | 700<br/> |
| Source | Lexile<br/> |
| 521 8# - TARGET AUDIENCE NOTE | |
| Target audience note | R<br/> |
| Source | Raz-Plus<br/> |
| 650 ## - SUBJECT ADDED ENTRY--TOPICAL TERM | |
| Topical term or geographic name entry element | Adventures |
| Form subdivision | Kids |
| General subdivision | Wild |
| 942 ## - ADDED ENTRY ELEMENTS (KOHA) | |
| Source of classification or shelving scheme | Dewey Decimal Classification |
| Koha item type | Books |
| Suppress in OPAC | No |
| Withdrawn status | Lost status | Source of classification or shelving scheme | Damaged status | Not for loan | Collection | Home library | Current library | Shelving location | Date acquired | Total Checkouts | Full call number | Barcode | Date due | Date last seen | Date last checked out | Copy number | Price effective from | Koha item type |
|---|---|---|---|---|---|---|---|---|---|---|---|---|---|---|---|---|---|---|
| Dewey Decimal Classification | Non-Fiction | Footprints International School Library Network Toul Kork Campus | Footprints International School Library Network Toul Kork Campus | TK Primary Library Room(4th Floor), Bookcase 5&6, Shelves 33-56, Orange Books | 05/21/2025 | 1 | RYA 813.6 PZ7 | FISTK05522 | 12/23/2025 | 12/09/2025 | 12/09/2025 | 1 | 05/21/2025 | Books |
